1283 1485 1661 1597 1301 1580 1903 1701 1496 1854 1331 1857 1295 1903 1131 1978 1787 1408 1193 1646 1982 1777 1508 1772 1676 1155 1745 1010 1701 1421 1064 1246 1862 1299 1660 1550 1170 1526 1804 1682 1923 1486 1849 1707 1410 1381 1527 1327 1282 1442 1572 1584 1319 1421 1406 1601 1939 1996 1584 1337 1830 1469 1346 1744 1423 1571 1179 1738 1263 1621 1261 1999 1308 1988 1696 1887 1042 1882 1152 1017 1813 1571 1743 1491 1468 1676 1333 1930 1668 1534 1241 1890 1776 1672 1398 1504 1278 1203 1385 BCNSPRNW ULIB Ver.6.0+V

เปลี่ยนเป็นภาษาไทย

Change to English
 แสดงรายละเอียดบรรณานุกรม
  กลับหน้าหลัก

Brief Record : Get Marc (ISO 2709) : E-mail record : QR code < ปิดหน้าต่าง
LEADER : 00000nam 2200000uu 4500
001    13399112310
003     ULIB
008    110627s2551||||th 000 0 tha d
020    9789741364242
090    นว.^bน283ร 2551
100 0  นลัท
245 00 ร้าย...ด้วยรัก/^cนลัท
250    พิมพ์ครั้งที่ 1
260    กรุงเทพฯ :^bแจ่มใส,^c2551
300    179 หน้า
710 1  แจ่มใส
945    ^p139^l0^i026775
995    ทศพร
999 ^a ใช้งานได้ทุกระบบ
รายการนี้ยังไม่มีแท็ก
คุณยังไม่ได้ล็อกอิน คุณสามารถมีกิจกรรมร่วมกับเว็บไซต์ได้ แต่ต้องล็อกอินก่อน ::
  ล็อกอิน

รายการสื่อสารสนเทศ

ลำดับที่ ประเภท เลขเรียก/บาร์โค้ด สถานที่ สถานะ
- ไม่พบข้อมูล -

รายการใกล้เคียง
    ผู้แต่ง [นลัท]

BibComment


ยังไม่เคยถูกคอมเมนท์

คอมเมนท์ทรัพยากรรายการนี้
  คอมเมนท์: ร้ายด้วยรัก นลัท


 Copyright 2026. Bcnsprnw @Library